| 000 | 00357nam a2200145Ia 4500 | ||
|---|---|---|---|
| 008 | 230718s9999 xx 000 0 und d | ||
| 041 | _aeng | ||
| 082 |
_a332.6322 _bKRE |
||
| 100 |
_aKrefetz G. _9126548 |
||
| 245 | _aBasics Of Stocks | ||
| 260 | _bVision | ||
| 365 |
_cRs. _b190.00 |
||
| 700 |
_aKrefetz G. _9126548 |
||
| 906 |
_dB:477813-Jun-2008 _cOTH _b38 |
||
| 999 |
_c319057 _d319057 |
||